<?xml version="1.0" encoding="UTF-8"?>
<record
    xmlns:xsi="http://www.w3.org/2001/XMLSchema-instance"
    xsi:schemaLocation="http://www.loc.gov/MARC21/slim http://www.loc.gov/standards/marcxml/schema/MARC21slim.xsd"
    xmlns="http://www.loc.gov/MARC21/slim">

  <leader>01771cam a2200313 i 4500</leader>
  <controlfield tag="003">SA-RiAUC</controlfield>
  <controlfield tag="005">20260104133730.0</controlfield>
  <controlfield tag="008">251230s1983    su     g i    00000 ara c</controlfield>
  <datafield tag="040" ind1=" " ind2=" ">
    <subfield code="a">SA-JeALM</subfield>
    <subfield code="b">ara</subfield>
    <subfield code="c">SA-RiAUC</subfield>
    <subfield code="e">rda</subfield>
  </datafield>
  <datafield tag="050" ind1="0" ind2="0">
    <subfield code="b">F33 1983</subfield>
  </datafield>
  <datafield tag="082" ind1="0" ind2="4">
    <subfield code="a">237.17016</subfield>
    <subfield code="q">SA-RiAUC</subfield>
  </datafield>
  <datafield tag="090" ind1=" " ind2=" ">
    <subfield code="a">237.17016 </subfield>
    <subfield code="b">&#x633; &#x62F; &#x62D;</subfield>
  </datafield>
  <datafield tag="100" ind1="1" ind2=" ">
    <subfield code="a">&#x627;&#x644;&#x633;&#x62F;&#x62D;&#x627;&#x646;&#x60C; &#x639;&#x628;&#x62F; &#x627;&#x644;&#x639;&#x632;&#x64A;&#x632; &#x628;&#x646; &#x645;&#x62D;&#x645;&#x62F; &#x628;&#x646; &#x639;&#x628;&#x62F; &#x627;&#x644;&#x644;&#x647;&#x60C;</subfield>
    <subfield code="d">1380 &#x647;&#x62C;&#x631;&#x64A;-</subfield>
    <subfield code="e">&#x645;&#x624;&#x644;&#x641;.</subfield>
  </datafield>
  <datafield tag="245" ind1="1" ind2="0">
    <subfield code="a">&#x641;&#x647;&#x631;&#x633; &#x645;&#x639;&#x62C;&#x645; &#x627;&#x644;&#x637;&#x628;&#x631;&#x627;&#x646;&#x64A; &#x627;&#x644;&#x635;&#x63A;&#x64A;&#x631; &#x61B;</subfield>
    <subfield code="b">&#x641;&#x647;&#x631;&#x633; &#x62C;&#x627;&#x645;&#x639; &#x628;&#x64A;&#x627;&#x646; &#x627;&#x644;&#x639;&#x644;&#x645; &#x648;&#x641;&#x636;&#x644;&#x647; &#x648;&#x645;&#x627;&#x64A;&#x646;&#x628;&#x639;&#x64A; &#x641;&#x64A; &#x631;&#x648;&#x627;&#x64A;&#x62A;&#x647; &#x648;&#x62D;&#x645;&#x644;&#x647; &#x644;&#x627;&#x628;&#x646; &#x639;&#x628;&#x62F; &#x627;&#x644;&#x628;&#x631; /</subfield>
    <subfield code="c">&#x639;&#x628;&#x62F; &#x627;&#x644;&#x639;&#x632;&#x64A;&#x632; &#x628;&#x646; &#x645;&#x62D;&#x645;&#x62F; &#x627;&#x644;&#x633;&#x62F;&#x62D;&#x627;&#x646;.</subfield>
  </datafield>
  <datafield tag="250" ind1=" " ind2=" ">
    <subfield code="a">&#x627;&#x644;&#x637;&#x628;&#x639;&#x629; &#x627;&#x644;&#x623;&#x648;&#x644;&#x649;.</subfield>
  </datafield>
  <datafield tag="264" ind1=" " ind2="1">
    <subfield code="a">&#x627;&#x644;&#x631;&#x64A;&#x627;&#x636; :</subfield>
    <subfield code="b">&#x645;&#x643;&#x62A;&#x628;&#x629; &#x62F;&#x627;&#x631; &#x627;&#x644;&#x64A;&#x642;&#x64A;&#x646;&#x60C;</subfield>
    <subfield code="c">1983</subfield>
  </datafield>
  <datafield tag="300" ind1=" " ind2=" ">
    <subfield code="a">24 + 9 &#x635;&#x641;&#x62D;&#x629; &#x61B;</subfield>
    <subfield code="c">24 &#x633;&#x645;</subfield>
  </datafield>
  <datafield tag="336" ind1=" " ind2=" ">
    <subfield code="a">&#x646;&#x635;</subfield>
    <subfield code="b">txt</subfield>
    <subfield code="2">rdacontent</subfield>
    <subfield code="3">&#x643;&#x62A;&#x627;&#x628;</subfield>
  </datafield>
  <datafield tag="337" ind1=" " ind2=" ">
    <subfield code="a">&#x628;&#x62F;&#x648;&#x646; &#x648;&#x633;&#x64A;&#x637;</subfield>
    <subfield code="b">n</subfield>
    <subfield code="2">rdamedia</subfield>
  </datafield>
  <datafield tag="600" ind1="1" ind2="7">
    <subfield code="a">&#x627;&#x628;&#x646; &#x639;&#x628;&#x62F; &#x627;&#x644;&#x628;&#x631;&#x60C; &#x64A;&#x648;&#x633;&#x641; &#x628;&#x646; &#x639;&#x628;&#x62F; &#x627;&#x644;&#x644;&#x647; &#x628;&#x646; &#x645;&#x62D;&#x645;&#x62F;&#x60C;</subfield>
    <subfield code="d">368-463 &#x647;&#x62C;&#x631;&#x64A;</subfield>
    <subfield code="2">aucnm</subfield>
  </datafield>
  <datafield tag="600" ind1="1" ind2="7">
    <subfield code="a">&#x627;&#x644;&#x637;&#x628;&#x631;&#x627;&#x646;&#x64A;&#x60C; &#x633;&#x644;&#x64A;&#x645;&#x627;&#x646; &#x628;&#x646; &#x623;&#x62D;&#x645;&#x62F; &#x628;&#x646; &#x623;&#x64A;&#x648;&#x628;&#x60C;</subfield>
    <subfield code="d">260-360 &#x647;&#x62C;&#x631;&#x64A;</subfield>
    <subfield code="2">aucnm</subfield>
  </datafield>
  <datafield tag="650" ind1=" " ind2="7">
    <subfield code="a">&#x627;&#x644;&#x62D;&#x62F;&#x64A;&#x62B;</subfield>
    <subfield code="x">&#x643;&#x62A;&#x628; &#x627;&#x644;&#x637;&#x628;&#x631;&#x627;&#x646;&#x64A;</subfield>
    <subfield code="v">&#x643;&#x634;&#x627;&#x641;&#x627;&#x62A;</subfield>
    <subfield code="2">aucsh</subfield>
  </datafield>
  <datafield tag="650" ind1=" " ind2="7">
    <subfield code="a">&#x627;&#x644;&#x62D;&#x62F;&#x64A;&#x62B;</subfield>
    <subfield code="x">&#x62C;&#x648;&#x627;&#x645;&#x639; &#x627;&#x644;&#x641;&#x646;&#x648;&#x646;</subfield>
    <subfield code="v">&#x643;&#x634;&#x627;&#x641;&#x627;&#x62A;</subfield>
    <subfield code="2">aucsh</subfield>
  </datafield>
  <datafield tag="650" ind1=" " ind2="7">
    <subfield code="a">&#x627;&#x644;&#x62D;&#x62F;&#x64A;&#x62B;</subfield>
    <subfield code="v">&#x643;&#x634;&#x627;&#x641;&#x627;&#x62A;</subfield>
    <subfield code="2">aucsh</subfield>
  </datafield>
  <datafield tag="700" ind1="1" ind2="2">
    <subfield code="i">&#x643;&#x634;&#x627;&#x641; &#x644;&#x640; :</subfield>
    <subfield code="a">&#x627;&#x628;&#x646; &#x639;&#x628;&#x62F; &#x627;&#x644;&#x628;&#x631;&#x60C; &#x64A;&#x648;&#x633;&#x641; &#x628;&#x646; &#x639;&#x628;&#x62F; &#x627;&#x644;&#x644;&#x647; &#x628;&#x646; &#x645;&#x62D;&#x645;&#x62F;&#x60C;</subfield>
    <subfield code="d">368-463 &#x647;&#x62C;&#x631;&#x64A;.</subfield>
    <subfield code="t">&#x62C;&#x627;&#x645;&#x639; &#x628;&#x64A;&#x627;&#x646; &#x627;&#x644;&#x639;&#x644;&#x645; &#x648;&#x641;&#x636;&#x644;&#x647; &#x648;&#x645;&#x627;&#x64A;&#x646;&#x628;&#x639;&#x64A; &#x641;&#x64A; &#x631;&#x648;&#x627;&#x64A;&#x62A;&#x647; &#x648;&#x62D;&#x645;&#x644;&#x647;</subfield>
  </datafield>
  <datafield tag="700" ind1="1" ind2="2">
    <subfield code="i">&#x643;&#x634;&#x627;&#x641; &#x644;&#x640; :</subfield>
    <subfield code="a">&#x627;&#x644;&#x637;&#x628;&#x631;&#x627;&#x646;&#x64A;&#x60C; &#x633;&#x644;&#x64A;&#x645;&#x627;&#x646; &#x628;&#x646; &#x623;&#x62D;&#x645;&#x62F; &#x628;&#x646; &#x623;&#x64A;&#x648;&#x628;&#x60C;</subfield>
    <subfield code="d">260-360 &#x647;&#x62C;&#x631;&#x64A;.</subfield>
    <subfield code="t">&#x627;&#x644;&#x645;&#x639;&#x62C;&#x645; &#x627;&#x644;&#x635;&#x63A;&#x64A;&#x631;</subfield>
  </datafield>
  <datafield tag="942" ind1=" " ind2=" ">
    <subfield code="2">ddc</subfield>
    <subfield code="c">BOOK</subfield>
    <subfield code="n">0</subfield>
  </datafield>
  <datafield tag="949" ind1=" " ind2=" ">
    <subfield code="a">SA-JeALM</subfield>
    <subfield code="d">251230</subfield>
    <subfield code="u">osman123</subfield>
    <subfield code="n">1</subfield>
  </datafield>
  <datafield tag="952" ind1=" " ind2=" ">
    <subfield code="0">0</subfield>
    <subfield code="1">0</subfield>
    <subfield code="2">ddc</subfield>
    <subfield code="4">0</subfield>
    <subfield code="7">0</subfield>
    <subfield code="a">WAHAB</subfield>
    <subfield code="b">WAHAB</subfield>
    <subfield code="d">2026-01-04</subfield>
    <subfield code="l">0</subfield>
    <subfield code="o">237.17016  &#x633; &#x62F; &#x62D;</subfield>
    <subfield code="p">000022222</subfield>
    <subfield code="r">2026-01-04 13:37:55</subfield>
    <subfield code="w">2026-01-04</subfield>
    <subfield code="y">BOOK</subfield>
  </datafield>
  <datafield tag="999" ind1=" " ind2=" ">
    <subfield code="c">13880</subfield>
    <subfield code="d">13880</subfield>
  </datafield>
</record>
